Ílovité zeminy a ich použitie v stavebníctve /

Další autoři: Myslivec, Alois, 1898-1994
Jazyk: Ruština
Slovenština
Angličtina
Vydáno: Bratislava : Vydavateľstvo Slovenskej akadémie vied, 1968
Fyzický popis: 277 s. : il., grafy, tab.
Language note: Anglické a ruské resumé
Knihy
Uloženo v:
LEADER 00813nam a22002532a 4500
001 001322221
003 CZ BrMZK
005 20130830141728.0
007 ta
008 130830s1968 xo a er|||||||||||slo d
040 |a ABD013  |b cze  |c ABD013  |d BOA001 
041 0 |a slo  |a eng  |a rus 
080 9 |a 55 
080 9 |a 624 
245 0 0 |a Ílovité zeminy a ich použitie v stavebníctve /  |c [vedúci redaktor Alois Myslivec] 
260 |a Bratislava :  |b Vydavateľstvo Slovenskej akadémie vied,  |c 1968 
300 |a 277 s. :  |b il., grafy, tab. 
504 |a Obsahuje bibliografie 
546 |a Anglické a ruské resumé 
700 1 |a Myslivec, Alois,  |d 1898-1994  |7 jk01082595  |4 edt 
910 |a BOA001  |b 2-0605.704 
990 |a BK 
991 |b 201308 
996 7 |b 2619007295  |c 2-0605.704  |l HP2  |r DEN  |n 0  |w 001357270  |u 000010  |a 1  |e BOA001  |j MZK50  |s A